000 00970cam a2200277 4500
008 090401t1991 xxu||||| |||| 00| 0 eng d
020 _a1853551783
035 _a(Sirsi) u10387
041 _aeng
050 _a631.1
110 _aFountain Forestry
_91462
245 4 _aThe farming business: farming, forestry and alternative land uses.
250 _a2nd ed.
260 _aLondon
_bAccountancy Books
_c1991
300 _axii,220p. ; 24cm.
350 _a30
490 _aIndustry Accounting and Auditing Guide
520 _aAims to explain farming to accountants and accountancy to farmers. Includes information on the organisation of the industry, farming systems, business structures, financial management, taxation, forestry, alternative land use, investigation and recovery.
650 _aACCOUNTANCY
650 _aICAEW
650 _aTAXATION
690 _aRURAL PRACTICE
710 _aGrant Thornton
_93043
942 _n0
948 _c04/03/1997
999 _c86736
_d86736